000
00304nam a22001337a 4500
008
181207b xxu||||| |||| 00| 0 eng d
020
_a
0316757357
041
_a
eng
080
_a
617
100
_a
6
101
_a
ANE
245
_a
International Anesthesiology Clinics
_c
Rosenthal,M
942
_2
udc
_c
BK
999
_c
53051
_d
53051